A büntetőeljárási törvény kodifikációjának egyes koncepcionális kérdései,különös tekintettel a tárgyaláson való részvétel jogára és a felek közötti megállapodásra
Elmentve itt :
| Szerző: | |
|---|---|
| Dokumentumtípus: | Könyv része |
| Megjelent: |
SZTE ÁJTK
Szeged
2015
|
| Sorozat: | Acta Universitatis Szegediensis. Acta Juridica et Politica
Ünnepi kötet Dr. Tóth Károly címzetes egyetemi tanár 70. születésnapjára |
| Tárgyszavak: | |
| mtmt: | 2985394 |
| Online Access: | http://publicatio.bibl.u-szeged.hu/29354 |
| LEADER | 00949naa a2200217 i 4500 | ||
|---|---|---|---|
| 001 | publ29354 | ||
| 005 | 20240122083751.0 | ||
| 008 | 240122s2015 hu o 000 Magyar d | ||
| 020 | |a 9789633064207; 9789633064214 | ||
| 024 | 7 | |a 2985394 |2 mtmt | |
| 040 | |a SZTE Publicatio Repozitórium |b hun | ||
| 041 | |a Magyar | ||
| 100 | 1 | |a Fantoly Zsanett | |
| 245 | 1 | 2 | |a A büntetőeljárási törvény kodifikációjának egyes koncepcionális kérdései,különös tekintettel a tárgyaláson való részvétel jogára és a felek közötti megállapodásra |h [elektronikus dokumentum] / |c Fantoly Zsanett |
| 260 | |a SZTE ÁJTK |b Szeged |c 2015 | ||
| 300 | |a 9 | ||
| 300 | |a 426-434 | ||
| 490 | 0 | |a Acta Universitatis Szegediensis. Acta Juridica et Politica | |
| 490 | 0 | |a Ünnepi kötet Dr. Tóth Károly címzetes egyetemi tanár 70. születésnapjára | |
| 650 | 4 | |a Jogtudomány | |
| 856 | 4 | 0 | |u http://publicatio.bibl.u-szeged.hu/29354/1/Fantoly_2015.pdf |z Dokumentum-elérés |